000
00286nam a22001337a 4500
008
170323b xxu||||| |||| 00| 0 eng d
020
_a
0721693377
041
_a
eng
080
_a
616.9
100
_a
8
101
_a
SHM
245
_a
THE LUMBAR SPINE
_c
WEINSTEIN.J.N
942
_2
udc
_c
BK
999
_c
8422
_d
8422